Hiragana a-ko - Statistics

General Stats
  • This quiz has been taken 105 times
  • The average score is 10 of 10
Answer Stats
Picture Answer % Correct
ku
100%
a
99%
ka
99%
e
97%
i
97%
o
97%
ko
96%
u
96%
ke
95%
ki
95%
No matching quizzes found
Score Distribution
Percent of People with Each Score
Percentile by Number Answered
Your Score History
You have not taken this quiz